| 000 | 00847nam a22001937a 4500 | ||
|---|---|---|---|
| 008 | 120126t xxu||||| |||| 00| 0 eng d | ||
| 020 | _a9780821372777 | ||
| 050 | _aHC800.A8 | ||
| 245 |
_aAfrica at a turning point? : growth, aid, and and external shocks / _cedited by Delfin S. Go and John Page |
||
| 260 |
_aWashington, D.C. : _bWorld Bank, _c ©2008. |
||
| 300 |
_axxiv, 573 p. : _c23cm |
||
| 505 | _aContents: Patterns of long - term growth in sub- saharan Africa -- Aid- Volume, volatility, and macroeconomic management --Managing external shocks. | ||
| 650 |
_aAfrica, Sub-Saharan _xEconomic conditions _x21st century _xStatistics. |
||
| 650 |
_aEconomic development _xAfrica, Sub-Saharan _xStatistics. |
||
| 650 |
_aEconomic forecasting _xAfrica, Sub-Saharan. |
||
| 700 | _aGo, Delfin S., | ||
| 700 | _aPage, John, | ||
| 942 |
_2lcc _cBK |
||
| 999 |
_c514 _d8014 |
||